Študijný program školský rok ...

Bibliographic Details
Corporate Author: Trnavská univerzita v Trnave. Teologická fakulta v Bratislave (Author)
Format: Serial
Language:Slovak
PhysicalDescription:zv. 21 cm
Published: Trnava Trnavská univerzita 1995-
ISBN:8089074286 (brož. : 2002/2003)
8089074596 (brož. : 2003/2004)
808907491X (brož. : 2004/2005)
Subjects:

MARC

LEADER 00000cas a2200000 a 4500
001 vtls001475493
003 SK-MaSNL
005 20260228160705.0
008 050301c19959999xo ar 0 0b0slo
015 |a SNBE1999/01-00527 (r. 1995/1996)  |a SNBE1999/01-00526 (r. 1996/1997)  |a SNBE1999/01-00525 (r. 1997/1998)  |a SNBE2000/02-00750 (r. 1998/1999)  |a SNBE2000/04-01529 (r. 1999/2000)  |a SNBE2002/04-02144 (r. 2000/2001)  |a SNBB2005/02-00379 (r. 2002/2003)  |a SNBB2005/02-00380 (r. 2003/2004)  |a SNBB2005/02-00381 (r. 2004/2005) 
020 |a 8089074286 (brož. : 2002/2003) 
020 |a 8089074596 (brož. : 2003/2004) 
020 |a 808907491X (brož. : 2004/2005) 
035 |a SNK000430794 
040 |a SNK  |b slo  |c SNK  |e AACR2 
041 0 |a slo 
043 |a e-xo--- 
044 |a xo  |c SK 
072 7 |a 2-1  |x Prirodzená teológia. Náboženská filozofia  |2 konspekt 
072 7 |a 371  |x Školstvo (organizácia)  |2 konspekt 
080 |a 2-1  |2 2011 
080 |a 050  |2 2011 
080 |a (437.612)  |2 2011 
080 |a (036)  |2 2011 
080 |a (058)  |2 2011 
080 |a (073)  |2 2011 
080 |a 37.091.3  |2 2011 
080 |a 8088774039 (brož. : 1995/1996) 
080 |a 808877411X (brož. : 1996/1997) 
080 |a 8088774217 (brož. : 1997/1998) 
080 |a 8071411973 (brož. : 1998/1999) 
080 |a 8071412546 (brož. : 1999/2000) 
080 |a 807141302X (brož. : 2000/2001) 
110 2 |a Trnavská univerzita v Trnave.  |b Teologická fakulta v Bratislave  |4 aut  |9 119703 
245 1 0 |a Študijný program  |b školský rok ...  |c Trnavská univerzita, Teologická fakulta 
246 1 |i Názov v tiráži:  |a Študijný program Teologickej fakulty Trnavskej univerzity 
260 |a Trnava  |b Trnavská univerzita  |c 1995- 
300 |a zv.  |c 21 cm 
310 |a 1x ročne 
362 0 |a 1995/1996- 
500 |a Súčasťou podnázvu je označenie školského roku 
500 |a Podnázov v r. 2004/2005: akademický rok ... 
650 0 7 |a teológia  |2 SNKPH  |9 1814 
650 0 7 |a štúdium a výučba  |2 SNKPH  |9 3982 
651 7 |a Trnava (Slovensko)  |2 SNKPHgeo  |9 19407 
655 7 |a študijné programy  |2 SNKPH  |9 265409 
655 7 |a informačné publikácie  |2 SNKPH  |9 70181 
655 7 |a ročenky  |2 SNKPH  |9 57146 
710 2 |a Trnavská univerzita v Trnave.  |b Teologická fakulta v Bratislave  |4 pbl  |9 119703 
910 |a snk 
919 |a 80-89074-28-6 
919 |a 80-89074-59-6 
919 |a 80-89074-91-X 
919 |a 80-88774-03-9 
919 |a 80-88774-11-X 
919 |a 80-88774-21-7 
919 |a 80-7141-197-3 
919 |a 80-7141-254-6 
919 |a 80-7141-302-X 
999 |c 3372  |d 5302 
952 |0 0  |1 0  |4 0  |7 0  |a SNK  |b SNK  |d 2000-06-29  |i snkKSP 6514/2000  |l 0  |o snkČSD 2070/B/1998-1999  |p 17A0259274  |r 2005-01-02 00:00:00  |w 2026-02-21  |y PREZ 
952 |0 0  |1 0  |4 0  |7 0  |a SNK  |b SNK  |d 2004-05-26  |i snkPV 754/2004  |l 0  |o snkČSD 2070/B/2002-2003  |p 17A0431075  |r 2005-01-02 00:00:00  |w 2026-02-21  |y PREZ 
952 |0 0  |1 0  |4 0  |7 0  |a SNK  |b SNK  |d 2004-09-20  |i snkPV 1237/2004  |l 0  |o snkČSD 2070/B/2003-2004  |p 17A0431586  |r 2005-01-02 00:00:00  |w 2026-02-21  |y PREZ 
952 |0 0  |1 0  |4 0  |7 0  |a SNK  |b SNK  |d 2004-09-20  |i snkPV 1238/2004  |l 0  |o snkČSD 2070/B/2003-2004 D1  |p 17A0431587  |r 2005-01-02 00:00:00  |w 2026-02-21  |y PREZ 
952 |0 0  |1 0  |4 0  |7 0  |a SNK  |b SNK  |d 2004-11-29  |i snkPV 1519/2004  |l 0  |o snkČSD 2070/B/2004-2005  |p 17A0446082  |r 2005-01-02 00:00:00  |w 2026-02-21  |y PREZ 
952 |0 0  |1 0  |4 0  |7 0  |a SNK  |b SNK  |d 2004-05-26  |i snkPV 755/2004  |l 0  |o snkČSD 2070/B/2002-2003 D1  |p 17A0431076  |r 2005-01-02 00:00:00  |w 2026-02-21  |y PREZ 
952 |0 0  |1 0  |4 0  |7 0  |a SNK  |b SNK  |d 2000-06-29  |i snkKSP 6515/2000  |l 0  |o snkČSD 2070/B/1998-1999 D1  |p 17A0244231  |r 2005-01-02 00:00:00  |w 2026-02-21  |y PREZ 
952 |0 0  |1 0  |4 0  |7 0  |a SNK  |b SNK  |d 2004-11-29  |i snkPV 1520/2004  |l 0  |o snkČSD 2070/B/2004-2005 D1  |p 17A0446083  |r 2005-01-02 00:00:00  |w 2026-02-21  |y PREZ 
952 |0 0  |1 0  |4 0  |7 0  |a SNK  |b SNK  |d 2000-08-24  |i snkKSP 8723/2000  |l 0  |o snkČSD 2070/B/1999-2000 D1  |p 17A0249261  |r 2005-01-02 00:00:00  |w 2026-02-21  |y PREZ 
952 |0 0  |1 0  |4 0  |7 0  |a SNK  |b SNK  |d 1999-03-11  |i snkKSP 2620/99  |l 0  |o snkČSD 2070/B/1997-1998  |p 17A0220766  |r 2005-01-02 00:00:00  |w 2026-02-21  |y PREZ 
952 |0 0  |1 0  |4 0  |7 0  |a SNK  |b SNK  |d 1999-03-11  |i snkKSP 2621/99  |l 0  |o snkČSD 2070/B/1997-1998 D1  |p 17A0183882  |r 2005-01-02 00:00:00  |w 2026-02-21  |y PREZ 
952 |0 0  |1 0  |4 0  |7 0  |a SNK  |b SNK  |d 1999-03-11  |i snkKSP 2618/99  |l 0  |o snkČSD 2070/B/1995-1996  |p 17A0220762  |r 2005-01-02 00:00:00  |w 2026-02-21  |y PREZ 
952 |0 0  |1 0  |4 0  |7 0  |a SNK  |b SNK  |d 1999-03-11  |i snkKSP 2619/99  |l 0  |o snkČSD 2070/B/1995-1996 D1  |p 17A0183884  |r 2005-01-02 00:00:00  |w 2026-02-21  |y PREZ 
952 |0 0  |1 0  |4 0  |7 0  |a SNK  |b SNK  |d 1999-03-11  |i snkKSP 2616/99  |l 0  |o snkČSD 2070/B/1996-1997  |p 17A0220765  |r 2005-01-02 00:00:00  |w 2026-02-21  |y PREZ 
952 |0 0  |1 0  |4 0  |7 0  |a SNK  |b SNK  |d 1999-03-11  |i snkKSP 2617/99  |l 0  |o snkČSD 2070/B/1996-1997 D1  |p 17A0183886  |r 2005-01-02 00:00:00  |w 2026-02-21  |y PREZ 
952 |0 0  |1 0  |4 0  |7 0  |a SNK  |b SNK  |d 2002-10-30  |i snkKSP 13230/2002  |l 0  |o snkČSD 2070/B/2000-2001  |p 17A0361420  |r 2005-01-02 00:00:00  |w 2026-02-21  |y PREZ 
952 |0 0  |1 0  |4 0  |7 0  |a SNK  |b SNK  |d 2002-10-30  |i snkKSP 13231/2002  |l 0  |o snkČSD 2070/B/2000-2001 D1  |p 17A0361421  |r 2005-01-02 00:00:00  |w 2026-02-21  |y PREZ 
952 |0 0  |1 0  |4 0  |7 0  |a SNK  |b SNK  |d 2000-08-24  |i snkKSP 8722/2000  |l 0  |o snkČSD 2070/B/1999-2000  |p 17A0257612  |r 2005-01-02 00:00:00  |w 2026-02-21  |y PREZ